000 00514nam a2200217 454500
001 037921
003 BD-ChCU
008 Eng
020 _a0060422912
040 _aDLC
_cDLC
_dBD-ChCU
082 0 0 _a157/G291f
100 1 _aGezzaniga, Michael S.
_bSteen, Diana.
245 1 0 _aFunctional neuroscience
_bx
250 _ax
260 _aNew York ; London
_bHarper and Row
_c1979
300 _aiv, 401
504 _aIncludes
650 0 _aPsychology
_bNervous system
700 1 _ax
942 _2ddc
_cBK
999 _c37921
_d37921